000 00492nam a2200157Ia 4500
008 210716s1992 xx 000 0 und d
020 _a0136013783
041 _aeng
082 _a170 GRAV
100 _aGrassian, Victor.
245 _aMoral reasoning: ethical theory and some contemporary moral problems.
_bEthical theory and some contemporary moral problems.
250 _a1
260 _aNew Jersey
_bPrentice Hall
_c1992
300 _axi,417
650 _aEthics (Moral philosophy)(170)
999 _c206411
_d206411